000 01578nam a2200361 c 4500
003 BLK
005 20250203174452.0
008 180408b bul|||||r ||||||| ||bul||
010 _aKNG00094195000
020 _a978-954-761-425-3
_bиздат.: ИнфоДар - на том(т. 2)
040 _aBLK
041 _aBUL
_cBUL
080 _aРуска литература
_b821.161.1
_x-312.9
_z821.161.1-312.9
100 1 _aЛукяненко, Сергей Василиевич
_eпърви автор
_989889
700 1 _aВелчев, Васил
_eпрев. от рус.
_9371331
139 _aЛукяненко, Сергей Василиевич
_bЛ 86
245 1 0 _aСпектър
_bВсеки ловец иска да знае : Роман в 7 ч., със седем пролога и един пролог : Т. 1 -
_cСергей Василиевич Лукяненко; прев. от рус. Васил Велчев.
_nТ. 2
257 _aRUS
260 София
_c2009
300 _c20 см
380 _aX
490 1 _aБиблиотека Светове
_vКн. 5
500 _aОриг. загл. Спектр / С. В. Лукьяненко. - Офс. изд.
653 _aфантастика
653 _aромани
760 1 _3- на том(т. 2)
_aЛукяненко, Сергей Василиевич
_dИнфоДар, 2009
_tТ. 2
852 _aЦб 247075
856 4 _qpdf
_u
856 4 _qpdf
_u
942 _cKNG
_n0
_05
944 _aCR
_c09.02.2010
_lЦветомила Тодорова
_k30576
944 _aED
_c15.06.2011
_lф /
_k
999 _c89495
_d89495